00608nam a2200193 a 45000010005000000030005000050050017000100080041000270200015000680240019000830400020001021000019001222450117001412600042002583000018003006000037003186500028003556500031003832919CDMR20131217155642.0130130s2002||||esp1 gr|||| 001|0dspa d a8497340388 2DLaM119322002 aCDMRbcatcCDMR1 aFuentes, Julio10aMorir para contarlob: las mejores crónicas del reportero de El Mundo asesinado en AfganistáncJulio Fuentes aMadridc2002bLa esfera de los libros a462p ;c24 cm1 aFuentes, JuliovRecull d'escrits04aCorresponsals de guerra04aGuerra d'Afganistan, 2001-